Statistiques concernant Inazuma Eleven - Toutes les supertechniques El Dorado/NU-GEN

Cliquez ici pour prendre le quiz!

Statistiques générales

  • Ce quiz a été pris 83 fois
  • Le résultat moyen est 15 sur 29

Statistiques - réponses

EquipeRéponse% Correct
Protocole Oméga 2.0Fission fusion
76%
Alpha/Beta/GammaAttaque oméga
74%
Zanark DominationTir cataclysme
74%
RagnaRafale d'obus
69%
Protocole OmégaTir gyroscopique
69%
Protocole Oméga 2.0Magnétisme
65%
Protocole Oméga 2.0Ballon plasma
63%
GihlAvenir funeste
60%
Protocole OmégaEssorage rapide
60%
Protocole OmégaOnde répulsive
60%
Zanark DominationLame de sable
58%
ExcellenceSoleils jumeaux
53%
Protocole OmégaBobine électrique
52%
Protocole Oméga 3.0Gyro-parade
52%
RagnaRéception neutralisante
50%
RagnaTir double hélice
50%
Zanark DominationTorpille de feu
50%
Protocole Oméga 2.0Flèche de Cupidon
48%
GihlRépulsion
48%
Zanark DominationAttaque explosive
47%
RagnaChamp de mines
45%
ExcellenceAcrobotte
44%
GahlDéploiement de leurres
44%
Zanark DominationEclipse planétaire
42%
ExcellenceDéchaînement croissant de lune
40%
GahlDéfense de marionnettes
35%
GahlChemin de glace
31%
Protocole Oméga 2.0Impact guidé
31%
GihlAttaque coup de coeur
29%

Distribution des résultats

Percentile par nombre de réponses

% des personnes avec chaque résultat

Votre développement - résultats

Vous n’avez pas pris ce quiz